عرض عادي عرض مارك
  • English language

مدخل مصطلح موضوعي

عدد التسجيلات المستخدمة في: 1

001 - رقم الضبط

  • حقل الضبط: 44746

003 - معرف رقم الضبط

  • حقل الضبط: OSt

005 - تاريخ ووقت أخر عملية

  • حقل الضبط: 20140512104914.0

008 - عناصر بيانات ثابتة الطول

  • حقل تحكم ثابت الطول: 140512|||a|||||| | ||| d

040 ## - مصدر الفهرسة

  • هيئة الفهرسة الأصلية: OSt
  • وكالة الكتابة: OSt

150 ## - مدخل-- مصطلح تاريخي

  • عنصر مدخل المصطلح الموضوعي او الاسم الجغرافي: English language
  • تفريع جغرافي: Great Britain
  • تفريع عام: Standardization
  • تفريع عام: Sources

670 ## - بيانات المصدر موجوده

  • الاستشهاد بالمصدر: Work cat.: (OSt): Crowley, Tony 44745, Proper English? :, 2014